Zombie ideas : why failed policy ideas persist /

Bibliographic Details
Main Authors: Peters, Brainard Guy (Author), Nagel, Maximilian Lennart (Author)
Corporate Author: Cambridge University Press
Format: Book
Language:English
Published: Cambridge, United Kingdom ; New York, NY : Cambridge University Press, 2020.
Series:Cambridge elements. Elements in public policy.
Subjects:
Online Access:Connect to the full text of this electronic book

MARC

Tag First Indicator Second Indicator Subfields
LEADER 00000cam a2200000Ki 4500
001 in00004344321
005 20210422111106.0
008 201202t20202020enk o 000 0 eng d
020 |a 9781108921312  |q electronic book 
020 |a 1108921310  |q electronic book 
020 |z 9781108926034 
020 |z 1108926037 
024 8 |a 40030249156 
035 |a (NhCcYBP)ybp301507515 
040 |a NhCcYBP  |c NhCcYBP  |d UtOrBLW 
050 4 |a H97  |b .P48 2020 
082 0 4 |a 320.6  |2 23 
100 1 |a Peters, Brainard Guy,  |e author. 
245 1 0 |a Zombie ideas :  |b why failed policy ideas persist /  |c Brainard Guy Peters, Maximilian Lennart Nagel. 
264 1 |a Cambridge, United Kingdom ;  |a New York, NY :  |b Cambridge University Press,  |c 2020. 
264 4 |c ©2020 
300 |a 1 online resource. 
336 |a text  |b txt  |2 rdacontent 
337 |a computer  |b c  |2 rdamedia 
338 |a online resource  |b cr  |2 rdacarrier 
490 1 |a Cambridge elements. Elements in public policy 
588 |a Description based on online resource; title from digital title page (viewed on December 02, 2020). 
500 |a Electronic resource. 
650 0 |a Policy sciences.  |0 http://id.loc.gov/authorities/subjects/sh85104264 
650 0 |a Idea (Philosophy)  |0 http://id.loc.gov/authorities/subjects/sh85064120 
655 7 |a Electronic books.  |2 local 
700 1 |a Nagel, Maximilian Lennart,  |e author. 
710 2 |a Cambridge University Press.  |0 http://id.loc.gov/authorities/names/n50059133 
830 0 |a Cambridge elements.  |p Elements in public policy.  |0 http://id.loc.gov/authorities/names/no2019063928 
856 4 0 |u http://proxy.library.tamu.edu/login?url=https://doi.org/10.1017/9781108921312  |z Connect to the full text of this electronic book  |t 0 
945 |b 708974 
945 |a machinegen 
955 |a YBP purchased approval e-records 
980 |b 115.00  |g 1 
999 f f |s cc85598d-77ae-3a25-9df0-f8b6a3036655  |i cdbf5b46-be2f-39d0-84bd-4018900dd4b4  |t 0 
952 f f |a Texas A&M University  |b College Station  |c Electronic Resources  |d Available Online  |t 0  |e H97 .P48 2020  |h Library of Congress classification 
998 f f |a H97 .P48 2020  |t 0  |l Available Online